Регионална библиотека "Любен Каравелов" - Русе

Драскотини (Запис номер 134966)

MARC детайли
000 -Лидер
Контролно поле с фиксирана дължина 01173nam a2200277 a 4500
003 - Код на организацията, давaща контролен номер
Контролно поле BLK
005 - Дата и час на последна редакция
Контролно поле 20240303003955.0
008 - Елементи от данни с фиксирана дължина
fixed length control field 180409b bul|||||r ||||||| ||bul||
010 ## - Наследен системен номер
LC control number KNG00140887000
040 ## - Източник на каталожния запис
Идентификатор на билиотеката - собственик на записа BLK
041 ## - Код за език
Код за езика на текст/звукозапис или на отделно заглавие Български
Код за езика КДБФ Български
080 ## - УДК
Текстов определител УДК Българска литература
УДК код - определител по УДК 821.163.2
УДК определител -7
УДК - код + определител 821.163.2-7
100 ## - Редна дума - Автор
Автор Ганчев, Марко
Автор - информация (биография) Писател и поет, сатирик, преводач от немски и белоруски
Дати, свързани с автора 1932-
Пълна форма на името Маринов, Марко Ганчев
Авторска отговорност първи автор
R(LIN) 267403
139 ## - Редно поле
Редна дума Ганчев, Марко
Авторски знак Ганч - Г 22
245 10 - Сведения за заглавието
Заглавие Драскотини
Подзаглавни данни Сатири
Редно поле (дума) Марко Ганчев; * Марко Ганчев Маринов
257 ## - Страна на издаване
Страна на създаване/издаване България
260 ## - Област на издателските данни
Място на издаване, разпространение и проч. София
Име на издателя, разпространителя и проч. Бълг. писател
Година на издаване 1979
300 ## - Физическа характеристика
Страници 132 с.
Размери/Мащаб 21 см
380 ## - Жанр
Жанр Худож. лит.
700 1# - Други автори (авторска отговорност)
Лично име Маринов, Марко Ганчев
Автороска отговорност (Описва отношението между автора и произведението) *
9 (RLIN) 373605
852 ## - Местоположение
Форматна сигнатура Цб 99133
Фондова буква Хранилище
856 4# - Електронен адрес и достъп
Електронен формат pdf - файл
Инструкция (цена за достъп) 0.00
Права за достъп disable
999 ## - СИСТЕМНИ КОНТРОЛНИ НОМЕРА
Koha biblionumber 134966
Koha biblioitemnumber 134966
942 ## - АРТИКУЛИ
Вид на библиотечния материал Книги
Скрит в OPAC Не
Периодичен библиозапис Да
944 ## - СЪЗДАВАНЕ И РЕДАКЦИЯ на ЗАПИСА
Създаване/Редакция Създаване
Дата на регистрацията/редакция 15.03.2013
Статус, дата на статуса CRON CRON
Служител, извършил регистрацията/редакцията
944 ## - СЪЗДАВАНЕ И РЕДАКЦИЯ на ЗАПИСА
Създаване/Редакция Редакция
Дата на регистрацията/редакция 15.03.2013
Статус, дата на статуса 15.03.2013 - от С1,Р / 15.03.2013
Наличности
Код за отписване Код за изгубен артикул Източник на класификационната схема Код за повреда Коз за рестрикции Код за отдаване Артикулен № Име на библиотеката - собственик Име на библиотеката, в която се намира в момента Статус (Текущо местоположение) Дата на вписване в системата Местоположение - отдел Цена в лева Инвентарен номер Систематично азбучна сигнатура Баркод Номер на екземпляра Цена в евро Служебна бележка Служебен тип на артикула
  Не е изгубен Universal Decimal Classification Не е повреден само за читалня ползва се в читалня 220688 Регионална библиотека "Любен Каравелов" Русе Регионална библиотека "Любен Каравелов" Русе Хранилище 1979-01-01 Хранилище 1.04 285550 Цб 99133 120000285550 1 0.53 Дост: Dp Вид: Д N: стар фонд Дата: 01.01.1979 Книги
Изтеглен Не е изгубен Universal Decimal Classification Не е повреден без рестрикции заемане за дома 220689 Регионална библиотека "Любен Каравелов" Русе Регионална библиотека "Любен Каравелов" Русе Заемна - подръчен фонд 1979-01-01 Заемна - подръчен фонд 0.00 287690 П 886.7-7/Г 22 287690 2 0.00 Дост: Pk Вид: Ф N: стар фонд Дата: 01.01.1979 Книги
Vip Innovations Ltd, Rousse, Bulgaria 2025